书目信息 |
| 题名: |
动物世界
|
|
| 作者: | ;中央电视台国际部 编 | |
| 分册: | ||
| 出版信息: | 北京 华夏出版社 1993.06 |
|
| 页数: | 405页 | |
| 开本: | 29cm | |
| 丛书名: | ||
| 单 册: | ||
| 中图分类: | Q95 | |
| 科图分类: | ||
| 主题词: | 动物学 | |
| 电子资源: | ||
| ISBN: | 7-5080-0060-9 | |
| 000 | 00584nam0 2200193 45 | |
| 001 | 0259629885 | |
| 005 | 2002042216334988 | |
| 010 | @a7-5080-0060-9@b精装@dRMB 58.00 | |
| 100 | @a20020422d1993 km y0chiy0120 ea | |
| 101 | 0 | @achi |
| 102 | @aCN@b110000 | |
| 200 | 1 | @a动物世界@Adong wu shi jie@f中央电视台国际部编@Fzhong yang dian shi tai guo ji bu bian |
| 210 | @a北京@c华夏出版社@d1993.06 | |
| 215 | @a405页@d29cm | |
| 606 | 0 | @a动物学 |
| 690 | @aQ95@v3 | |
| 711 | 0 | @a中央电视台国际部@Azhong yang dian shi tai guo ji bu@4编 |
| 801 | 0 | @aCN@bPFT@c20020422 |
| 905 | @a10447@dQ95@eZH:179 | |
| 动物世界/中央电视台国际部编.-北京:华夏出版社,1993.06 |
| 405页;29cm |
| ISBN 7-5080-0060-9(精装):RMB 58.00 |
| ● |
| 相关链接 |
|
|
|
正题名:动物世界
索取号:Q95/ZH:179
 
预约/预借
| 序号 | 登录号 | 条形码 | 馆藏地/架位号 | 状态 | 备注 |
| 1 | 200018 | 202000182 | 生命科学与工程学院资料室/ [索取号:Q95/ZH:179] | 在馆 | |
| 2 | 200019 | 202000191 | 自科二线504/504自科库 47排4列3层/ [索取号:Q95/ZH:179] | 在馆 |